MARC

LEADER 00000nam a2200000Ia 4500
001 567
008 160829s9999 xx 000 0 cat d
080 |a C-1-514 
100 |a Seguí i Parpal, Antoni  |9 30826 
245 |a Alimentació de vaques de llet ; alimentació de bovins de carn / Antoni Seguí i Parpal 
260 |a [S.l.] :  |b Direcció General de Promoció i Desenvolupament, Servei d'Extensió Agrària, DL 1982 
300 |a 58 p. ;  |c 24 cm 
590 |a Abans del títol: Generalitat de Catalunya. Departament d' Agricultura, Ramaderia i Pesca 
650 |a Bestiar lleter  |x Alimentació   |9 30827 
650 |a Bestiar boví  |x Alimentació  |9 30828 
700 |a Catalunya. Servei d'Extensió Agrària   |9 30829 
710 1 |a Catalunya.  |b Departament d'Agricultura, Ramaderia i Pesca  |9 55595 
901 |a Arxiu 
942 |n 1 
952 |0 0  |1 0  |4 0  |6 C1514  |7 1  |9 45539  |a Arxiu  |b Arxiu  |d 2016-12-01  |l 0  |o C-1-514  |p 567  |r 2016-12-01 00:00:00  |w 2016-12-01  |y ARXIU 
999 |c 48707  |d 48707